000 00918nam a2200205 i 4500
001 180725
003 ES-MaACL
005 20250827022123.0
008 120704s1960 sp |||| | spa d
080 _a912(460.27 M.)"16/17"
100 1 _aMolina Campuzano, Miguel.
_981918
245 1 0 _aPlanos de Madrid de los siglos XVII y XVIII /
_cintroducción, reseña y estudio por Miguel Molina Campuzano ; prólogo del... conde de Mayalde.
260 _aMadrid :
_bInstituto de Estudios de Administración Local,
_c1960.
300 _a804 p., XL h. de lám. (algunas pleg.) ;
_c30 cm +
_e[39] h. de lám.
651 4 _aMadrid-
_vPlanos.
_9226192
700 0 _aFinat y Escrivá de Romaní, José
_c, Conde de Mayalde.
_950869
710 2 _aInstituto de Estudios de Administración Local (España).
_bSeminario de Urbanismo
_94895
852 _aES-MaACL
_jA-6239
_z.- Donativo Fernando del Arco
999 _c180725
_d180725